LEADER 02059cas a2200481 a 4500
001 c000282402
003 CARM
005 20080522111422.0
008 940523c19869999enkzx m 0 a0eng d
010 |a 94659063  |z sn 94015111 
019 1 |a 10930312  |z 10910212  |5 LACONCORD2021 
022 |y 0951-1911 
035 |a (OCoLC)27307109  |5 LACONCORD2021 
040 |a LC  |b eng  |c LC  |d LC  |d VCAV 
042 |a lc 
043 |a f------ 
050 0 0 |a GN387  |b .P36 
070 0 |a GN387.N47 
072 0 |a F130 
072 0 |a E110 
072 0 |a E550 
130 0 |a Network paper (Pastoral Development Network (Overseas Development Institute)) 
245 0 0 |a Network paper /  |c ODI, Pastoral Development Network. 
260 |a London, UK :  |b Overseas Development Institute,. 
300 |a v. ;  |c 21 cm. 
310 |a Irregular 
362 0 |a No. 22c (Sep. 1986)- 
500 |a Description based on: 31a, published in 1991; title from cover. 
515 |a Papers are issued as sets; designation consists of set number and alphabetic designation, e.g. 31a, 31b, 31c, etc. 
580 |a Companion publication to: Newsletter (Pastoral Development Network (Overseas Development Institute)) 
650 0 |a Nomads  |v Periodicals. 
650 0 |a Nomads  |x Sedentarisation  |v Periodicals. 
650 0 |a Range management  |v Periodicals. 
650 0 |a Nomads  |z Africa  |x Sedentarisation  |v Periodicals. 
650 0 |a Range management  |z Africa  |v Periodicals. 
710 2 |a Pastoral Development Network (Overseas Development Institute) 
780 0 0 |t Paper (Pastoral Development Network (Overseas Development Institute))  |d London : Overseas Development Institute  |x 0951-1911  |w (DLC) 91660263 
787 1 |t Newsletter (Pastoral Development Network (Overseas Development Institute)) 
852 8 |b CARM  |h A1:AQ04B0  |i B10542  |p 0394209  |f SE 
866 0 |a 22c(1986:09) 
866 0 |a 22c(1986:09) 
999 f f |i 1751047a-eb96-5854-9744-f70079a99b1e  |s c2a94d6c-0f2f-5ee1-8886-9e7fc11fb58e 
952 f f |p Can circulate  |a CAVAL  |b CAVAL  |c CAVAL  |d CARM 1 Store  |e B10542  |f A1:AQ04B0  |h Other scheme  |i book  |k 22c(1986:09)  |m 0394209